MDQL
is popping MORE tags! Check the
thread
!
Quizzes
Events
Quiz Creation
Community
Videos
Private Events
Remove Ads
Sign In
Join for FREE
Feedback
Dark Mode
Quiz Categories
Sports
Geography
Music
Movies
Television
Just For Fun
Miscellaneous
History
Literature
Language
Science
Gaming
Entertainment
Religion
Holiday
For Kids
Quiz Lab
Recent
Popular Today
Quiz Kudos Today
Editor Picks
Curator Picks
Quizzes by...
Day
Popularity
Type
Ratings
Length
Year
Community
Subscriptions
Recent Discussions
Orange Saloon
Badges
Playlists
Quests
Create
Leaderboards
Showdown
Live 5
Trivia Bingo
Activity
Puzzle Library
Sporcle Events
Private Events
Virtual Trivia
Globe League
Become a Host
Pub Owners
SporcleCon
Opinionation
Our Games
Videos
Blog
Mobile Apps
Partnerships
Remove Ads and Go Orange
Feedback
Geography
Country
Landmarks
City
State
Population
World
Capital
Continent
Flags
Europe
Africa
Asia
South America
North America
Oceania
Border
Canada
United Kingdom
Topography
United States
Geography
Country
Landmarks
City
State
Population
World
Capital
Continent
Flags
Europe
Africa
Asia
South America
North America
Oceania
Border
Canada
United Kingdom
Topography
United States
Random Quiz
Search Sporcle
×
Quiz Lab
Quiz Lab
Geography
Asked
Type in answers that appear in a list
Type in answers that appear in a list
Classic
Best Score? Go Orange.
Geography multiple choice Stats
Can you name the correct choice of the question asked?
By
senormucholoco
3m
30 Questions
721 Plays
721 Plays
721 Plays
Comments
Comments
Give Quiz Kudos
Give Quiz Kudos
-
- Ratings
hide this ad
More Info
No Skip
Answers have to be entered in order without skipping
Answers have to be entered in order without skipping
Replay
Link that replays current quiz
Next Quiz
Link to next quiz in quiz playlist
You Got
0%
They Got
Avg Score
62%
Avg Friend Score
Upgrade to see
Score Distribution
Jump to the score distribution portion of the page
Score
0/30
Timer
03:00
0
Plays Today
Answer these...
Answer
% Correct
?
???
100%
?
???
98.6%
?
???
97.9%
?
???
96.9%
?
???
96.7%
?
???
96.7%
?
???
96%
?
???
94.7%
?
???
93.9%
?
???
92.6%
?
???
91.4%
?
???
89.9%
?
???
89.5%
?
???
87.7%
?
???
72.4%
Answer these...
Answer
% Correct
?
???
70.6%
?
???
67.7%
?
???
64.4%
?
???
58.7%
?
???
50.5%
?
???
40.9%
?
???
35.1%
?
???
29.7%
?
???
22.6%
?
???
17.2%
?
???
12.1%
?
???
7.5%
?
???
6.4%
?
???
5%
?
???
3.7%
Quiz Playlist
Details
Report
Send in Message
Add To Playlist
More Info:
Quiz goes by city proper population, not metro area; also used factfinder.census.gov as a source
Classic:
Type in answers that appear in a list
No Skip:
Answers have to be entered in order without skipping
Quiz Source
Last Updated: May 4, 2017
Quiz Scoreboard
CHALLENGE
Sign Up to Join the Scoreboard
Show All
Scores
Hide
Comments
May contain spoilers
Recently Published
Two Season TV Shows II
by 123Four
Television
10m
Image Sorting: Flags VI
by Barbecue
Geography
2m
Find the 'City' Movie
by crazypaving
Movies
60s
More to Explore
Quiz From the Vault
Featured Blog Post
14 Easter Pick-up Lines to Find Eggs With
hide this ad
You Might Also Like...
Tags
Asked
multiple
Today's Top Quizzes in Geography
Browse Geography
hide this ad
Today's Top Quizzes in Asked
Browse Asked
Top Contributed Quizzes in Geography
1
Colored Red Europe Blitz I
2
Countries of the World - No Outlines Minefield
3
Colored Red Africa Blitz II
4
Colored Red Europe Blitz II
5
Colored Red Europe Blitz III
6
Colored Red Africa Blitz III
7
Colored Red States Blitz I
8
A Different View: World Oceans
9
Colored Red States Blitz II
10
Colored Red States Blitz III
Explore More
Trending Topics
Disney
Crossword
Harry Potter
Anime
NBA
Marvel
Kpop
NFL
Song
Country
Puzzle
WWE
Soccer
Pokémon
The Office
hide this ad
More By:
senormucholoco
Quiz
Plays
Rating
Category
Featured
Created
Big 4 Most Championship Appearances
392,312
4.58
Sports
Nov 8, 2009
Big 4 Teams Central Time Zone
198,689
4.26
Sports
Apr 19, 2010
Big 4 Teams Eastern Time Zone
122,544
4.60
Sports
Apr 19, 2010
Big 4 Teams Pacific Time Zone
120,731
4.44
Sports
Apr 19, 2010
Big 4 Teams Mountain Time Zone
114,169
4.37
Sports
Apr 19, 2010
Go to Creator's Profile
Score Distribution
Quiz Creator Spotlight
senormucholoco
Follow
Send a Message
Quizzes Created
-
Created Quiz Play Count
-
More By This Creator
Popular Quizzes Today
1
Colored Red Africa Blitz
2
Find the US States - No Outlines Minefield
3
Find the 'City' Movie
4
5x2 Blitz: Bands
5
The Countries of the World
6
Find the US States
7
Find the Countries of Europe - No Outlines Minefield
8
US States
More Geography Quizzes
US States by First 3 Letters
Published
Trending Quizzes
Colored Red Europe Blitz I
Colored Red Africa Blitz II
Colored Red Europe Blitz II
Colored Red Africa Blitz III
Colored Red Europe Blitz III
Recently Updated
How Do You Spell That?
pecheneg
Godzilla Movies
pecheneg
Grab Bag: 4-10 Letters
pecheneg
2024 March Madness Bracket
pecheneg
Famous TV Couples
Peacemaker
Champions League XIs: Real Madrid
pecheneg
Largest US Cities 1790-2010
pecheneg
Rides in Walt Disney World
pecheneg
Most Oscar Losses (Acting)
pecheneg
Beyoncé Albums
pecheneg
Trending Topics
Crossword
Kpop
Disney
Harry Potter
Anime
Marvel
NBA
Song
Soccer
WWE
NFL
Country
Puzzle
The Office
Pokémon
Your Account Isn't Verified!
In order to create a playlist on Sporcle, you need to verify the email address you used during registration. Go to your
Sporcle Settings
to finish the process.
Report this User
Report this user for behavior that violates our
Community Guidelines
.
Details:
Send Report
Go to the Sporcle.com Mobile Site →
Comments